| 000 | 00513aam a2200193 4500 | ||
|---|---|---|---|
| 005 | 20160907143208.0 | ||
| 008 | 150824b xxu||||| |||| 00| 0 spa d | ||
| 041 | _aES | ||
| 082 |
_a621.312.429 _bW417c |
||
| 100 |
_aWeidlich, Erhard _919381 |
||
| 245 | _aConstitución y funcionamiento de las pilas de combustibles | ||
| 260 | _aEspaña | ||
| 260 | _bMarcombo-Siemens | ||
| 260 | _c1987 | ||
| 300 | _a72 páginas | ||
| 500 | _aEnseñanza Programada 11 | ||
| 650 |
_aPILAS DE COMBUSTIBLE _919382 |
||
| 942 | _cBK | ||
| 999 |
_c648 _d648 |
||